| 000 | 00461nam a22001577a 4500 | ||
|---|---|---|---|
| 005 | 20240322122418.0 | ||
| 008 | 240322b |||||||| |||| 00| 0 eng d | ||
| 082 |
_a910.4 _bSHA-J |
||
| 100 | _aShahzad hussain bhatti | ||
| 245 |
_aJanoon ki rahoon me : _b(koh-e- noor de _cShahzad hussain bhatti |
||
| 260 |
_aPakistan : _bFiction House , _cc 2023 . |
||
| 300 |
_a189 p. : _c22 cm . |
||
| 500 | _aSafar Namah. | ||
| 650 | _aLiterature / Safar Namah | ||
| 999 |
_c35445 _d35445 |
||